000 00797nam a22002417a 4500
003 DO-SdBNP
005 20210915133711.0
007 ta
008 210915b 2018 dr a 00| 0 eng d
020 _a9789945081336
040 _aDO-SdBNP
_bspa
_cBNPHU
082 4 _2BNPHU
_bT266g
100 1 _aTejada, Carmen R.,
_d1962-
_979891
245 1 3 _aEl grito de la gaviota :
_bde la violencia a la dignidad /
_cCarmen R. Tejada ; ilustración Francisco Javier Bautista
250 _a2a ed.
260 _aSanto Domingo :
_bBúho,
_c2018.
300 _a107 p. :
_bil. ;
_c21 cm.
500 _aIncluye datos biográficos de la autora en la solapa de la cubierta
590 _aInventariado, 2021/BT
700 1 _aBautista, Francisco Javier,
_eilustración
_979892
910 _aBtavárez
942 _2ddc
_cLBS1
999 _c50519
_d50519